• 首页
  • 本馆介绍
  • 公告通知
  • 最新文献
  • 馆藏检索
  • 电子资源
  • 读者导购
  • 参考咨询
  • 我的图书馆
  • 登录
  • 详细信息显示
  • 放入我的书架
  • 预约/预借图书
  • 作者相关作品
  • 分类相关作品
  • 丛书相关作品
  • 出版社相关作品

书目信息

  • 表格格式
  • 工作单格式
  • 卡片格式
题名:
极化微波成像
    
 
作者: 杨汝良 著
分册:  
出版信息: 北京   国防工业出版社  2016.12
页数: 28,436页
开本: 26cm
丛书名:
单 册:
中图分类: O435.2
科图分类:
主题词: 微波成象
电子资源:
ISBN: 978-7-118-10563-6
000 01061nam0 2200277 450
001 0400004890
005 20171025115556.0
010    @a978-7-118-10563-6@b精装@dCNY128.00
100    @a20170905d2016 em y0chiy50 ea
101 0  @achi@eeng
102    @aCN@b110000
105    @aa az 000yy
106    @ar
200 1  @a极化微波成像@9ji hua wei bo cheng xiang@dPolarimetric microwave imaging@f杨汝良[等]著@zeng
210    @a北京@c国防工业出版社@d2016.12
215    @a28,436页@c图@d26cm
300    @a国家科学技术学术著作出版基金资助出版
304    @a著者还有:戴博伟、谈璐璐、刘秀清、杨震、李海英
320    @a有书目
330    @a本书研究极化微波成像和极化信息处理技术,包括极化合成孔径雷达系统技术、极化合成孔径雷达信息处理技术和极化合成孔径雷达图像的应用技术等三部分。全书共有17章。本书全面系统地论述了极化微波成像和极化微波成像信息处理技术。
510 1  @aPolarimetric microwave imaging@zeng
606 0  @a微波成象
690    @aO435.2@v5
701  0 @a杨汝良@9yang ru liang@4著
801  0 @aCN@b91MARC@c20171025
905    @b1039784-7@dO435.2@f4@e65
    
    极化微波成像=Polarimetric microwave imaging/杨汝良[等]著.-北京:国防工业出版社,2016.12
    28,436页:图;26cm
    国家科学技术学术著作出版基金资助出版
    
    ISBN 978-7-118-10563-6(精装):CNY128.00
    本书研究极化微波成像和极化信息处理技术,包括极化合成孔径雷达系统技术、极化合成孔径雷达信息处理技术和极化合成孔径雷达图像的应用技术等三部分。全书共有17章。本书全面系统地论述了极化微波成像和极化微波成像信息处理技术。
●
相关链接 在E读中查询图书 在五车中查询图书 在当当中查询图书 在豆瓣中查询图书


正题名:极化微波成像     索取号:O435.2/65         预约/预借

序号 登录号 条形码 馆藏地/架位号 状态 备注
1 1039784   210397845   第二样本阅览室/ [索取号:O435.2/65] 在馆    
2 1039785   210397854   密集书库-物理学院/ [索取号:O435.2/65] 在馆    
3 1039786   210397863   第三借阅区/ [索取号:O435.2/65] 在馆    
4 1039787   210397872   第三借阅区/ [索取号:O435.2/65] 在馆    
唐山师范学院图书馆 欢迎您!
大连网信软件有限公司© 版权所有